000 00277nam a2200121Ia 4500
008 211105s9999 xx 000 0 und d
020 _aVYASA14065
100 _aValiathan M S
245 4 _aThe Legacy Of Susruta
250 _a\N
260 _bOrient Longman
_c\N
300 _a830p.
999 _c8639
_d8639